MDQL
is popping MORE tags! Check the
thread
!
Quizzes
Events
Quiz Creation
Community
Videos
Private Events
Remove Ads
Sign In
Join for FREE
Feedback
Dark Mode
Quiz Categories
Sports
Geography
Music
Movies
Television
Just For Fun
Miscellaneous
History
Literature
Language
Science
Gaming
Entertainment
Religion
Holiday
For Kids
Quiz Lab
Recent
Popular Today
Quiz Kudos Today
Editor Picks
Curator Picks
Quizzes by...
Day
Popularity
Type
Ratings
Length
Year
Community
Subscriptions
Recent Discussions
Orange Saloon
Badges
Playlists
Quests
Create
Leaderboards
Showdown
Live 5
Trivia Bingo
Activity
Puzzle Library
Sporcle Events
Private Events
Virtual Trivia
Globe League
Become a Host
Pub Owners
SporcleCon
Opinionation
Our Games
Videos
Blog
Mobile Apps
Partnerships
Remove Ads and Go Orange
Feedback
Just For Fun
Clickable
Get the Picture
Humor
Quick Pick
Word Ladder
Missing Word
Mixed Word
Blitz
Minefield
This or That
Alphabet
Color
Typing
Sporcle
Puzzle
Word Play
Follow That Line
Logic
Just For Fun
Clickable
Get the Picture
Humor
Quick Pick
Word Ladder
Missing Word
Mixed Word
Blitz
Minefield
This or That
Alphabet
Color
Typing
Sporcle
Puzzle
Word Play
Follow That Line
Logic
Random Quiz
Search Sporcle
×
Quiz Lab
Quiz Lab
Just For Fun
Star Wars
Type in answers that appear in a list
Type in answers that appear in a list
Classic
Best Score? Go Orange.
Names of Star Wars Books Stats
Can you name the titles of all of the currently published Star Wars books?
By
BenHerrick
20m
157 Questions
464 Plays
464 Plays
464 Plays
Comments
Comments
Give Quiz Kudos
Give Quiz Kudos
-
- Ratings
hide this ad
Replay
Link that replays current quiz
Next Quiz
Link to next quiz in quiz playlist
You Got
0%
They Got
Avg Score
58%
Avg Friend Score
Upgrade to see
Score Distribution
Jump to the score distribution portion of the page
Score
0/157
Timer
20:00
0
Plays Today
% Correct
Darth Bane: Rule of Two
82.3%
Heir to the Empire
82.3%
The Last Command
80.2%
Dark Force Rising
78.2%
The Phantom Menace
77.2%
Darth Bane: Path of Destruction
76.5%
Attack of the Clones
76.1%
Revenge of the Sith
76.1%
Darth Maul: Shadow Hunter
75.4%
A New Hope
75.4%
Return of the Jedi
75.4%
Rogue Squadron
75.4%
The Empire Strikes Back
75%
Vision of the Future
74.6%
Specter of the Past
74.1%
Vector Prime
74.1%
Order 66
73.9%
Shatterpoint
73.3%
The Bacta War
72%
Outbound Flight
70%
The Old Republic: Revan
69.6%
The Truce at Bakura
69.2%
Darth Bane: Dynasty of Evil
68.3%
Shadows of the Empire
68.1%
Wedge's Gamble
67.9%
Darth Plagueis
67.7%
The Courtship of Princess Leia
67.5%
Showdown at Centerpoint
67%
Betrayal
67%
The Unifying Force
66.8%
Crosscurrent
66.6%
Wraith Squadron
65.9%
I, Jedi
65.5%
The Mandalorian Armor
65.1%
Traitor
65.1%
Labyrinth of Evil
64.9%
Jedi Search
64.9%
Star by Star
64.9%
Ruin
64.4%
Isard's Revenge
64%
The Clone Wars
63.4%
Dark Lord
63.1%
Hard Contact
62.9%
Rebel Dawn
62.9%
The Approaching Storm
62.7%
The Krytos Trap
62.7%
Dark Apprentice
62.7%
Splinter of the Mind's Eye
62.5%
Darksaber
62.5%
Onslaught
61.9%
The Joiner King
61.9%
The Crystal Star
61.6%
The Swarm War
61.6%
% Correct
Rogue Planet
61.4%
Bloodlines
61.4%
The Paradise Snare
60.8%
The Hutt Gambit
60.8%
Slave Ship
60.6%
Champions of the Force
60.3%
Ambush at Corellia
60.3%
Yoda: Dark Rendezvous
60.1%
Children of the Jedi
60.1%
Death Star
59.9%
Death Troopers
59.5%
Outcast
59.5%
Rebel Dream
59.3%
Iron Fist
59.1%
Solo Command
59.1%
Apocalypse
59.1%
Omen
58.8%
Red Harvest
58.6%
Darth Maul: Saboteur
58.6%
Riptide
58.6%
Starfighters of Adumar
58.4%
Assault at Selonia
58.4%
Cloak of Deception
58.2%
The Cestus Deception
58.2%
Sacrifice
58.2%
Invincible
58%
Tales from Jabba's Palace
58%
Fury
57.8%
Tyrant's Test
57.5%
Triple Zero
57.3%
The Unseen Queen
57.3%
The Old Republic: Deceived
57.1%
Mercy Kill
56.9%
Shield of Lies
56.9%
The Final Prophecy
56.9%
Hard Merchandise
56.7%
Dark Journey
56.7%
Inferno
56.7%
Planet of Twilight
56.5%
Exile
56.5%
Rebel Stand
56%
Tempest
55.6%
Revelation
55.6%
The Old Republic: Fatal Alliance
55.4%
Jedi Eclipse
55.2%
Abyss
54.7%
The New Rebellion
54.5%
Han Solo at Star's End
54.3%
Hero's Trial
54.1%
Tales of the Bounty Hunters
54.1%
Before the Storm
53.9%
Reunion
53.9%
Vortex
53.7%
% Correct
Jedi Trial
53.4%
Jedi Healer
53.2%
Destiny's Way
53.2%
Ylesia
53%
Remnant
53%
Refugee
53%
Tales from the Mos Eisley Cantina
53%
Tales from the Empire
53%
Rebirth
52.6%
Balance Point
52.4%
True Colors
52.2%
Allegiance
52.2%
Choices of One
51.9%
Knight Errant
51.7%
Ascension
51.7%
Tales from the New Republic
51.7%
Backlash
51.5%
Allies
51.3%
Han Solo's Revenge
51.1%
Tatooine Ghost
51.1%
Imperial Commando
50.9%
The Force Unleashed
50.6%
Lando Calrissian and the Mindharp of Sharu
50%
Millennium Falcon
50%
Survivor's Quest
49.8%
Battle Surgeons
49.1%
Luke Skywalker and the Shadows of Mindor
49.1%
The Lost Tribe of the Sith
48.9%
Conquest
48.7%
Recovery
48.3%
Patterns of Force
48.1%
The Force Unleashed II
47.6%
Gambit: Siege
47.2%
Jedi Twilight
47.2%
Conviction
46.1%
Han Solo and the Lost Legacy
45.3%
Gambit: Stealth
44.8%
Wild Space
44.6%
Street of Shadows
43.8%
The Hive
42.5%
Lando Calrissian and the Flamewind of Oseon
40.5%
The Ruins of Dantooine
40.3%
Lando Calrissian and the Starcave of ThonBoka
40.1%
A Forest Apart
39.2%
Scourge
38.6%
Shadow Games
37.5%
Boba Fett: A Practical Man
37.5%
No Prisoners
36.2%
Targets
32.1%
Odds
31%
Fool's Bargain
28.4%
Quiz Playlist
Details
Report
Send in Message
Add To Playlist
Classic:
Type in answers that appear in a list
Last Updated: Feb 16, 2017
Quiz Scoreboard
CHALLENGE
Sign Up to Join the Scoreboard
Show All
Scores
Hide
Comments
May contain spoilers
Recently Published
1-10 Letter E Words III
by El_Dandy
Language
2m
Street Fighter Characters
by Artimus82
Gaming
60s
College Basketball Coaching Resumes
by pancakes188
Sports
9m
More to Explore
Quiz From the Vault
Featured Blog Post
Where Did the Easter Bunny Come From?
hide this ad
You Might Also Like...
Tags
Book Quiz
Star Wars Quiz
War Quiz
Published
star
Today's Top Quizzes in Just For Fun
Browse Just For Fun
hide this ad
Today's Top Quizzes in Star Wars
Browse Star Wars
Top Contributed Quizzes in Just For Fun
1
Name Just One - 10 to 1: Just For Fun
2
Killer Double Trees 224 - Colour Match-Up
3
Spring Typing Challenge
4
Crossword Whiteout! 49
5
Zeroing In: Just For Fun
6
Survivor Winners Logic Puzzle
7
Word Ladder: Ahoy Matey
8
Word Ladder: Wilderness Weapon
9
Clickable Animal Jokes #2
10
Kyle's 122nd Triple Trees
Explore More
Trending Topics
Disney
Kpop
NBA
Anime
Crossword
Marvel
Harry Potter
Soccer
Country
Song
NFL
WWE
The Office
Puzzle
Pokémon
hide this ad
More By:
BenHerrick
Quiz
Plays
Rating
Category
Featured
Created
VeggieTales Episodes
502
4.00
Movies
May 4, 2012
Major Motion Picture Series with 4 or More Titles
485
2.50
Movies
Aug 23, 2012
Names of Star Wars Books
464
5.00
Just For Fun
Apr 24, 2012
Top grossing movies by year since 1975
117
3.00
Movies
May 19, 2012
Go to Creator's Profile
Score Distribution
Quiz Creator Spotlight
BenHerrick
Follow
Send a Message
Quizzes Created
-
Created Quiz Play Count
-
More By This Creator
Popular Quizzes Today
1
Find the US States - No Outlines Minefield
2
Find the Countries of Europe - No Outlines Minefield
3
The Countries of the World
4
Find the US States
5
Risky Map Clicking: Biggest States A-Z
6
US States
7
Popular People in 1961
8
Movies - When Are They Set?
More Just For Fun Quizzes
Missing Word: 'E' Literature
Published
Trending Quizzes
Risky Map Clicking: Least Populous States A-Z
1-10 Letter G Words
1-10 Letter F Words
Countries of the World: 200 Million BC
Risky Map Clicking: Next State Alphabetically
Recently Updated
Rides in Walt Disney World
pecheneg
Most Oscar Losses (Acting)
pecheneg
Beyoncé Albums
pecheneg
Leaping Animals
pecheneg
Reality TV Shows (A-Z)
bhenderson79
Rickey Henderson's Hall of Fame Teammates
pecheneg
Champions League XIs: Arsenal
pecheneg
Quick Pick: Celebrities in WWE's Hall of Fame
aduchscher
A-Z Keypad Blitz II
pecheneg
Multiple Oscar Actors
pecheneg
Trending Topics
Disney
Anime
Marvel
Crossword
Kpop
NBA
Harry Potter
The Office
Pokémon
Soccer
Country
Song
WWE
Puzzle
NFL
Your Account Isn't Verified!
In order to create a playlist on Sporcle, you need to verify the email address you used during registration. Go to your
Sporcle Settings
to finish the process.
Report this User
Report this user for behavior that violates our
Community Guidelines
.
Details:
Send Report
Go to the Sporcle.com Mobile Site →
Comments